000 02260cam a22005534i 4500
003 PE-LiUPU
005 20250731172730.0
008 150617s1985 sp r 000 0 spa d
020 _a847057373X
035 _a(Sirsi) i9788470573736
040 _aPE-LiUPU
_bspa
_cPE-LiUPU
_erda
049 _aPRUA
082 0 4 _a227
_bC26
_221
100 1 _aCarrez, M.,
_eautor.
245 1 0 _aCartas de Pablo y cartas católicas /
_cM. Carrez.
264 1 _aMadrid :
_bEdiciones Cristiandad,
_c1985.
300 _a332 páginas ;
_c20 centímetros.
336 _atext
_2rdacontent
337 _aunmediated
_2rdamedia
338 _avolume
_2rdacarrier
490 1 _aIntroducción a la Lectura de la Biblia ;
_v8
505 0 _aVida de Pablo -- Cartas a los Tesalonicenses -- Cartas a los Corintios -- Carta a los Gálatas -- Carta a los Romanos -- Carta a los Filipenses -- Carta a los Colosenses -- Carta a los Efesios -- Carta a Filemón -- Cartas católicas -- Conclusión.
526 _aSEG42
526 _aSEG41
526 _aSEG40
526 _aSEG39
526 _aP94
526 _aP87
526 _aP86
526 _aP85
526 _aP77
526 _aP76
526 _aP35
600 1 _aPablo de Tarso.
_d2 a. C -- c. 66 d. C.
_xEpístolas
630 _aBiblia
_pN.T.
_pEpístolas paulinas
_xIntroducciones.
700 1 _aDornier, P.,
_eautor.
700 1 _aDumais, M.,
_eautor.
700 1 _aTrimaille, M.,
_eautor.
910 _ajck
_bjvq
_cjck
_d20150616
942 _2ddc
_cBOOK
949 _a227 C26
_wDEWEY
_c1
_i25286
_lCCODEBUL1
_mBUL
_r0
_sY
_tBOOK
_u2015-4-21
_xTEOLOGIA
_PP35
_0COMPRA
_o.STAFF. Colección Teología
949 _a227 C26
_wDEWEY
_c2
_i28002
_lCCODEBUL1
_mBUL
_r0
_sY
_tBOOK
_u2015-4-21
_xTEOLOGIA
_PP35
_0COMPRA
_o.STAFF. Colección Teología
994 _aC0
_bPEPRU
596 _a1
999 _a227 C26
_wDEWEY
_c1614
_i25286
_d1614
_f2021-11-11
_g5
_lCCODEBUL1
_mBUL
_p25.00
_q1
_r0
_sY
_tBOOK
_u2015-4-21
_xTEOLOGIA
_PP35
_0COMPRA
_o.STAFF. Colección Teología
999 _a227 C26
_wDEWEY
_c2
_i28002
_f2021-11-11
_g5
_lCCODEBUL1
_mBUL
_p25.00
_r0
_sY
_tBOOK
_u2015-4-21
_xTEOLOGIA
_PP35
_0COMPRA
_o.STAFF. Colección Teología
980 _81
_gALBERTO SANCHEZ Responsable de Automatización